000 00723nam a2200193 i 4500
001 134431
003 ES-MaACL
005 20230906194654.0
007 t|
008 070910s1953 sp cfo |||| | eng d
100 1 _aTapia Robson, Santiago Wealands.
_9109241
245 1 4 _aThe national spanish fiesta or The art of bullfighting /
_cby Santiago Wealands Tapia Robson ; with the collaboration of F. Velasco Gil.
260 _aMadrid :
_b[s.n.],
_c1953 (
_fImp. y Litogr. Juan Bravo)
300 _a136 p., [64] p. de lám., [10] h. de lám. col. :
_bil. ;
_c19 cm.
650 4 _aCorridas de toros.
_911370
700 1 _aVelasco Gil, Francisco.
_9113758
740 4 2 _aThe art of bullfighting.
852 _aES-MaACL
_jD-9174
999 _c134431
_d134431